Pro Probitate Díj Turczel Lajosnak a 87 éves irodalomtörténész pályája ...

Podrobná bibliografia
Hlavný autor: (kocur) (Autor)
Médium: Článok
Jazyk:maďarčina
slovenčina
Fyzický popis:Fotogr.
Predmet:

MARC

LEADER 00000nab a2200000 a 4500
001 vtls000879931
003 SK-MaSNL
005 20260318114838.0
008 160314c2004 xo 0 hun
015 |a SNBRB2004/07-23331 
035 |a CLN000231469 
040 |a SNKBUCL  |b slo  |c SNKBUCL  |e AACR2 
041 0 |a slo 
044 |a xo  |c SK 
080 |a 82:929:821.511.141 (437.6):06.068  |2 UDC-MRF-SK2 
080 |a 821.511.141 (437.6):929:06.068  |2 UDC-MRF-SK2 
080 |a 929 Turczel, Lajos  |2 UDC-MRF-SK2 
080 |a 06.068(437.6)(=511.141)  |2 UDC-MRF-SK2 
100 0 |a (kocur)  |4 aut  |9 1616970 
245 1 0 |a Pro Probitate Díj Turczel Lajosnak  |b a 87 éves irodalomtörténész pályája ...  |c [szerző] (kocur) 
300 |b Fotogr. 
600 1 7 |a Turczel, Lajos  |d 1917-  |x Pro probitate (cena)  |y 2004  |2 snkbucl  |9 872070 
650 0 7 |a Pro Probitate (cena)  |y 2004  |2 snkbucl  |9 872071 
651 7 |a Komárno (Slovensko : okres)  |2 snkbucl  |9 15954 
773 0 |t Új szó  |g Roč. 57, č. 142 (21.6.2004), s. 1 
850 |a Slovenská národná knižnica v Martine 
852 |a SNK  |b KIS3GCP 
958 |a HU 
958 |a SK 
958 |a LX 
958 |a BX 
958 |a RBX 
999 |c 3331128  |d 3333058